|
|
|
|
| LEADER |
01635cas a2200241 a 4500 |
| 001 |
AALejournalIMF001308 |
| 008 |
230101c9999 xx r poo 0 0eng d |
| 020 |
|
|
|c 5.00 USD
|
| 020 |
|
|
|z 9781451855487
|
| 022 |
|
|
|a 1018-5941
|
| 040 |
|
|
|a BD-DhAAL
|c BD-DhAAL
|
| 100 |
1 |
|
|a Masson, Paul.
|
| 245 |
1 |
0 |
|a Fiscal Policy and Growth in the Context of European Integration /
|c Paul Masson.
|
| 264 |
|
1 |
|a Washington, D.C. :
|b International Monetary Fund,
|c 2000.
|
| 300 |
|
|
|a 1 online resource (31 pages)
|
| 490 |
1 |
|
|a IMF Working Papers
|
| 500 |
|
|
|a <strong>Off-Campus Access:</strong> No User ID or Password Required
|
| 500 |
|
|
|a <strong>On-Campus Access:</strong> No User ID or Password Required
|
| 506 |
|
|
|a Electronic access restricted to authorized BRAC University faculty, staff and students
|
| 520 |
3 |
|
|a The paper considers the issue of whether a supranational fiscal policy in Europe is needed, and, if so, what responsibilities it should undertake. The literature on endogenous growth and the principle of subsidiarity suggest that such a policy should be limited to externalities or economies of scale not captured at the national level. These may include spending on research and development and transportation or knowledge networks, and harmonization of social security designed to enhance labor mobility. EU-wide stabilization policy or enhanced EU redistribution does not seem justified, however.
|
| 538 |
|
|
|a Mode of access: Internet
|
| 830 |
|
0 |
|a IMF Working Papers; Working Paper ;
|v No. 2000/133
|
| 856 |
4 |
0 |
|z Full text available on IMF
|u http://elibrary.imf.org/view/journals/001/2000/133/001.2000.issue-133-en.xml
|z IMF e-Library
|